O médico e o monstro / (Record no. 312)

MARC details
000 -LÍDER
campo de controle de tamanho fixo 01307nam a22003257a 4500
001 - NÚMERO DE CONTROLE
campo de controle 312
003 - IDENTIFICADOR DO NÚMERO DE CONTROLE
campo de controle OSt
005 - DATA E HORÁRIO DA ÚLTIMA TRANSAÇÃO
campo de controle 20250528074017.0
008 - CAMPO DE DADOS FIXOS--INFORMAÇÃO GERAL
campo de controle de tamanho fixo 250325b |||||||g |||| 00| 1 eng d
020 ## - ISBN - INTERNATIONAL STANDARD BOOK NUMBER
ISBN - International Standard Book Number 9788506050606
040 ## - FONTE DA CATALOGAÇÃO
Idioma da catalogação por
041 ## - CÓDIGO DE IDIOMA
Código do idioma do original e/ou traduções intermediárias do texto eng
Código do idioma do texto/trilha sonora ou título diferente por
082 ## - CDD - CLASSIFICAÇÃO DECIMAL DE DEWEY
Número de Classificação 823
Número do exemplar S848m
100 1# - ENTRADA PRINCIPAL--NOME PESSOAL
Nome pessoal Stevenson, Robert Louis,
Datas associadas ao nome 1850-1894
9 (RLIN) 621
240 ## - TÍTULO UNIFORME
Título uniforme Dr. Jekyll and Mr. Hyde
245 ## - TÍTULO
Título O médico e o monstro /
Indicação de responsabilidade, etc. Stevenson, Robert Louis ; Tradução de Marcionilo e Ilustração de Mauro Cascioli
260 ## - PUBLICAÇÃO, DISTRIBUIÇÃO, ETC.
Local de publicação, distribuição, etc. São Paulo
Nome do editor, distribuidor, etc. Melhoramentos
Data da publicação, distribuição, etc. 2007
300 ## - DESCRIÇÃO FÍSICA
Extensão 111 p.
Outros detalhes físicos il.
520 ## - NOTA DE RESUMO, ETC.
Resumo, etc. Neste livro, um fato inesperado altera o ritmo calmo das ruas de Londres - alguém abre a porta dos fundos da residência de Henry Jakyll. A partir desse momento, o cotidiano se confunde com o inexplicável, o secreto, o sobrenatural. Quem é o sinistro Edward Hyde, e o que o une ao respeitável Dr. Jekyll? Duas personalidades opostas disputam a alma de uma homem.
650 #0 - ASSUNTO--TERMO TÓPICO
Cabeçalho tópico ou nome geográfico Literatura Inglesa
9 (RLIN) 89
650 #0 - ASSUNTO--TERMO TÓPICO
Cabeçalho tópico ou nome geográfico Clássicos
9 (RLIN) 77
650 #0 - ASSUNTO--TERMO TÓPICO
Cabeçalho tópico ou nome geográfico Psicológico
9 (RLIN) 85
650 #0 - ASSUNTO--TERMO TÓPICO
Cabeçalho tópico ou nome geográfico Terror
9 (RLIN) 141
650 #0 - ASSUNTO--TERMO TÓPICO
Cabeçalho tópico ou nome geográfico Filme
9 (RLIN) 26
655 #0 - TERMO DE ÍNDICE--GÊNERO E FORMA
Gênero/forma/ou termo foco Romance
655 #0 - TERMO DE ÍNDICE--GÊNERO E FORMA
Gênero/forma/ou termo foco Ficção
700 ## - ENTRADA ADICIONADA - NOME PESSOAL
Nome pessoal Marcos Marcionilo
Função do autor por extenso Tradução
Títulos e outras palavras associadas a um nome Marcos Marcionilo
700 ## - ENTRADA ADICIONADA - NOME PESSOAL
Nome pessoal Mauro Cascioli
Função do autor por extenso Ilustração
9 (RLIN) 624
942 ## - ELEMENTOS DE ENTRADA ADICIONADOS (KOHA)
Fonte de classificação ou esquema de arquivamento Classificação decimal de Dewey
Ocultar no OPAC Não
Tipo de material Koha Livros
Holdings
Situação do descarte Situação das perdas Fonte de classificação ou esquema de arquivamento Status danificado Não pode ser emprestado Coleção Biblioteca de origem Biblioteca atual Localização na estante Data de aquisição Fonte de aquisição Total de empréstimos Número de chamada completo Código de barras Data de último acesso Data do preço efetivo Tipo de material Koha
    Classificação decimal de Dewey     Ficção Biblioteca Professor Eduardo Afonso de Castro Biblioteca Professor Eduardo Afonso de Castro Literatura Estrangeira 25.03.2025 doação   823 / S848m 2025-17264 25.03.2025 25.03.2025 Livros

Powered by Koha